Представление документа в формате MARC21

Поле Инд. ПП Название Значение
Тип записи a
Библиографический уровень m
001 Контрольный номер RU/IS/BASE/233081719
005 Дата корректировки 20221102150905.0
020 a ISBN 5-17-031778-6
040 b Код языка каталог. rus
041 0_ a Код языка текста rus
080 a Индекс УДК 821.161.1
084 a Индекс другой классификации/Индекс ББК 84(2Рос=Рус)6
090 a Полочн. индекс 84(2Рос=Рус)6
x Авторский знак Ф51
097 b Оператор 02
100 1_ a Автор Филатов Л. А.
245 10 a Заглавие Избранное
b Продолж. заглавия пьесы
260 a Место издания Москва
b Издательство АСТ
c Дата издания 2005
300 a Объем 647 с.
510 0_ a Примечание о ссылках Книги и методические пособия
650 04 a Основная рубрика 17.82 Произведения художественной литературы
x Основная подрубрика 17.82.20 Драматургия
653 0_ a Ключевые слова драматургия
901 t Тип документа m